MARC

Tag First Indicator Second Indicator Subfields
LEADER 00000cam a2200000 i 4500
001 in00004400813
005 20210123195238.0
006 m fo d f
007 cr bn nnnauuuu
008 110719s2008 dcuac ob f001 0ceng d
035 |a ccn00336548 
037 |a 052-070-07519-8  |b GPO 
040 |a NjRocCCS  |b eng  |e rda  |c NjRocCCS 
043 |a n-us--- 
050 4 |a E185.96  |b .B526 2008 
086 0 |a Y 1.1/2:SERIAL 14904  |z Y 1.1/7:108-224 
245 0 0 |a Black Americans in Congress, 1870-2007 /  |c prepared under the direction of the Committee on House Administration of the U.S. House of Representatives, by the Office of History and Preservation, Office of the Clerk, U.S. House of Representatives. 
264 1 |a Washington :  |b U.S. Government Printing Office,  |c 2008. 
264 2 |a [Buffalo, New York] :  |b William S. Hein and Company,  |c [2011] 
300 |a 1 online resource (v, 803 pages) :  |b illustrations, portraits. 
336 |a text  |b txt  |2 rdacontent 
337 |a computer  |b c  |2 rdamedia 
338 |a online resource  |b cr  |2 rdacarrier 
490 1 |a House document ;  |v 108-224 
490 1 |a HeinOnline U.S. Congressional documents 
490 1 |a HeinOnline civil rights and social justice 
588 |a Description based on PDF title page, viewed July 19, 2011. 
500 |a Dedication sheet inserted. 
504 |a Includes bibliographical references and index. 
505 0 |a Introduction -- Former black members of Congress: "The Fifteenth Amendment in flesh and blood": The symbolic generation of black Americans in Congress, 1870-1887 -- "The Negroes' temporary farewell": Jim Crow and the exclusion of African Americans from Congress, 1887-1929 -- Keeping the faith: African Americans return to Congress, 1929-1970 -- Permanent interests: The expansion, organization, and rising influence of African Americans in Congress, 1971-2007. 
610 1 0 |a United States.  |b Congress  |v Biography. 
650 0 |a African American legislators  |v Biography. 
655 7 |a Electronic books.  |2 local 
710 1 |a United States.  |b Congress.  |b House.  |b Committee on House Administration. 
710 1 |a United States.  |b Congress.  |b House.  |b Office of History and Preservation. 
776 0 8 |c Original  |w (DLC) 2008010047  |z 9780160801945 
830 0 |a House document (United States. Congress. House) ;  |v 108-224. 
830 0 |a U.S. Congressional documents. 
830 0 |a Civil rights and social justice. 
856 4 0 |u http://proxy.library.tamu.edu/login?url=https://www.heinonline.org/HOL/Page?handle=hein.congrec/bamcog0001&id=1&collection=civil&index=civil  |z Connect to the full text of this electronic book  |t 0 
949 |a E 185.96 .B526 2008  |w LC  |c 1  |i 336548-2001  |d 9/14/2020  |l MAIN  |m HEN  |q 1  |r Y  |s Y  |t WEB  |u 7/12/2011  |x ENG  |z N-US 
999 f f |s 1c79d4e3-30e9-3740-81ab-d4cbeb73e626  |i 0d09edae-d6ac-3127-b1b7-79805603bb1e  |t 0 
952 f f |a Texas A&M University  |b College Station  |c Electronic Resources  |d Available Online  |t 0  |e E185.96 .B526 2008  |h Library of Congress classification 
998 f f |a E185.96 .B526 2008  |t 0  |l Available Online